Cambridge IELTS : (Record no. 8774)
[ view plain ]
| 000 -LEADER | |
|---|---|
| fixed length control field | 01320cam a2200325 a 4500 |
| 001 - CONTROL NUMBER | |
| JCCL Control Number | 8774) |
| 003 - CONTROL NUMBER IDENTIFIER | |
| JCCL marc code | BD-JhCC |
| 005 - DATE AND TIME OF LATEST TRANSACTION | |
| control field | 20200901134007.0 |
| 008 - FIXED-LENGTH DATA ELEMENTS--GENERAL INFORMATION | |
| fixed length control field | 100105s2009 enka 000 0 eng |
| 035 ## - SYSTEM CONTROL NUMBER | |
| system control number | (BD-JhCC)8774) |
| 040 ## - CATALOGING SOURCE | |
| Original cataloging agency | DLC |
| Transcribing agency | DLC |
| Modifying agency | BD-JhCC |
| 041 ## - LANGUAGE CODE | |
| Language code of Book | eng |
| 050 00 - LIBRARY OF CONGRESS CALL NUMBER | |
| Classification number | PE1128 |
| Item number | .C3283 2009 |
| 082 ## - DEWEY DECIMAL CLASSIFICATION NUMBER | |
| Author mark and Year | CAM 2009 |
| Classification number | 428.24076 |
| 245 00 - TITLE STATEMENT | |
| Title | Cambridge IELTS : |
| Remainder of title | examination papers from University of Cambridge ESOL Examinations : English for speakers of other languages / |
| 246 30 - VARYING FORM OF TITLE | |
| Title proper/short title | IELTS 7 |
| 246 18 - VARYING FORM OF TITLE | |
| Title proper/short title | IELTS examination papers with answers |
| 260 ## - PUBLICATION, DISTRIBUTION, ETC. (IMPRINT) | |
| Place of publication, distribution, etc | Cambridge : New York : |
| Name of publisher, distributor, etc | Cambridge University Press, |
| Date of publication, distribution, etc | c2009. |
| 300 ## - PHYSICAL DESCRIPTION | |
| Pagination | 176 p. : |
| Other physical details | ill. ; |
| Dimensions | 25 cm. |
| 490 0# - SERIES STATEMENT | |
| Series statement | Cambridge books for Cambridge exams |
| 500 ## - GENERAL NOTE | |
| General note | "Official examination papers from University of Cambridge ESOL examinations"--Cover. |
| 500 ## - GENERAL NOTE | |
| General note | Spine title: IELTS examination papers with answers. |
| 500 ## - GENERAL NOTE | |
| General note | Cover title: Official examination papers from University of Cambridge ESOL examinations :IELTS 7. |
| 650 #0 - SUBJECT ADDED ENTRY--TOPICAL TERM | |
| Topical term or geographic name as entry element | International English Language Testing System. |
| 650 #0 - SUBJECT ADDED ENTRY--TOPICAL TERM | |
| Topical term or geographic name as entry element | English language |
| Form subdivision | Textbooks for foreign speakers. |
| 650 #0 - SUBJECT ADDED ENTRY--TOPICAL TERM | |
| Topical term or geographic name as entry element | English language |
| Form subdivision | Examinations, questions, etc. |
| 710 2# - ADDED ENTRY--CORPORATE NAME | |
| Corporate name or jurisdiction name as entry element | University of Cambridge. |
| Subordinate unit | Local Examinations Syndicate. |
| 942 ## - ADDED ENTRY ELEMENTS (KOHA) | |
| Source of classification or shelving scheme | Dewey Decimal Classification |
| Koha item type | Books |
| Koha issues (borrowed), all copies | 3 |
| Source of classification or shelving scheme | volume number | Damaged status | Not for loan | Home library | Current library | Shelving location | Total Checkouts | Full call number | Barcode | Date last seen | Date checked out | Copy number | Koha item type | Date of accession |
|---|---|---|---|---|---|---|---|---|---|---|---|---|---|---|
| Dewey Decimal Classification | V-2 | JCC Rouf Library | JCC Rouf Library | General Stacks | 2 | 428.24076 CAM 2009 | 11716 | 08/19/2021 | 08/31/2020 | C - 1 | Books | |||
| Dewey Decimal Classification | V-2 | JCC Rouf Library | JCC Rouf Library | General Stacks | 3 | 428.24076 CAM 2009 | 11715 | 07/04/2024 | 07/02/2024 | C - 2 | Books | 06/02/2024 | ||
| Dewey Decimal Classification | V-6 | JCC Rouf Library | JCC Rouf Library | General Stacks | 1 | 428.24076 CAM 2009 | 11714 | 12/17/2024 | 12/12/2024 | C - 3 | Books | 12/12/2024 | ||
| Dewey Decimal Classification | V-5 | JCC Rouf Library | JCC Rouf Library | General Stacks | 428.24076 CAM 2009 | 11713 | 03/03/2018 | C - 4 | Books | |||||
| Dewey Decimal Classification | V-4 | JCC Rouf Library | JCC Rouf Library | General Stacks | 428.24076 CAM 2009 | 11737 | 03/03/2018 | C - 5 | Books |